000 00633nam a2200241Ia 4500
003 OSt
005 20220918210652.0
006 a|||||r|||| 00| 0
007 ta
008 220917b |||||||| |||| 00| 0 eng d
024 _a121,476
037 _cTextual
040 _aARTS
_cARTS
_beng
041 _2eng
_aeng
082 _aV73:2:N5, J72;K7
100 _aLane Robert E
_965772
245 0 _aIntroduction to political analysis
_b problems in American government
250 _a4th
260 _c1957
650 _aHISTORY
942 _hV73:2:N5, J72;K7
_cTEXL
_2CC
999 _c244682
_d244682